[Event "Llinars del Valles 3rd"]
[Site "Llinars del Valles"]
[Date "2023.06.30"]
[Round "6"]
[White "Gomez Jurado, Luis Alberto"]
[Black "Narciso Dublan, Marc"]
[Result "0-1"]
[WhiteElo "2082"]
[BlackElo "2424"]
[PlyCount "57"]
[EventDate "2023.06.25"]
[EventType "swiss"]
[EventRounds "9"]
[EventCountry "ESP"]
[SourceTitle "CBM 215 Extra"]
[Source "ChessBase"]
[SourceDate "2023.09.30"]
[SourceVersion "1"]
[SourceVersionDate "2023.09.30"]
[SourceQuality "1"]

1. Nf3 d5 2. d4 Nf6 3. c4 e6 4. g3 Be7 5. Bg2 0-0 6. 0-0 c6 7. Qc2 b6 8. Rd1 Bb7 9. Nc3 Nbd7 10. e4 dxc4 11. a4 b5 12. e5 Nd5 13. Nxd5 cxd5 14. axb5 a6 15. bxa6 Nb8 16. Bg5 Nxa6 17. Bxe7 Qxe7 18. b3 Rfc8 19. bxc4 Nb4 20. Qb1 Rxa1 21. Qxa1 dxc4 22. Rc1 Nd3 23. Rc3 Qb4 24. Nd2 Ra8 25. Qxa8+ Bxa8 26. Rxc4 Qb8 27. Bxa8 Qxa8 28. Ne4 h6 29. Rc8+ 0-1

[Event "Sant Adria de Besos op"]
[Site "Sant Adria de Besos"]
[Date "2022.08.14"]
[Round "5"]
[White "Franzoni Ladron, Enric"]
[Black "Gomez Jurado, Luis Alberto"]
[Result "1-0"]
[WhiteElo "1704"]
[BlackElo "2115"]
[PlyCount "65"]
[EventDate "2022.08.11"]
[EventType "swiss"]
[EventRounds "9"]
[EventCountry "ESP"]
[SourceTitle "CBM 209 Extra"]
[Source "ChessBase"]
[SourceDate "2022.09.30"]
[SourceVersion "1"]
[SourceVersionDate "2022.09.30"]
[SourceQuality "1"]

1. e4 c6 2. d4 d5 3. Nc3 dxe4 4. Nxe4 Nf6 5. Ng3 h5 6. h4 e6 7. Nf3 c5 8. Bg5 Nbd7 9. Be2 Qb6 10. 0-0 Qxb2 11. Qd2 Qb6 12. Rab1 Qc7 13. Bb5 a6 14. Bxd7+ Nxd7 15. d5 Ne5 16. Nxe5 Qxe5 17. dxe6 fxe6 18. Qd8+ Kf7 19. Rbd1 c4 20. Rfe1 Qb5 21. Ne4 Qc6 22. Be7 Bxe7 23. Qxh8 b5 24. Qxh5+ Kg8 25. Ng5 Bxg5 26. Qxg5 Bb7 27. h5 Rf8 28. h6 Qc7 29. Rxe6 Qf7 30. Qxg7+ Qxg7 31. hxg7 Kxg7 32. Re7+ Rf7 33. Rxf7+ 1-0

[Event "La Pobla de Lillet op-A"]
[Site "La Pobla de Lillet"]
[Date "2022.08.07"]
[Round "6"]
[White "Gomez Jurado, Luis Alberto"]
[Black "Rojano Alfonso, Carlos"]
[Result "0-1"]
[WhiteElo "2115"]
[BlackElo "2228"]
[PlyCount "118"]
[EventDate "2022.08.02"]
[EventType "swiss"]
[EventRounds "9"]
[EventCountry "ESP"]
[SourceTitle "CBM 209 Extra"]
[Source "ChessBase"]
[SourceDate "2022.09.30"]
[SourceVersion "1"]
[SourceVersionDate "2022.09.30"]
[SourceQuality "1"]

1. c4 f5 2. Nc3 Nf6 3. g3 g6 4. Bg2 Bg7 5. d3 d6 6. e4 Nc6 7. Nge2 0-0 8. 0-0 e5 9. f3 f4 10. gxf4 Nh5 11. fxe5 dxe5 12. Nd5 Qd6 13. Be3 Nd4 14. c5 Qd8 15. Rc1 c6 16. Ndc3 Be6 17. b3 Qe7 18. Kh1 Qxc5 19. f4 Qe7 20. f5 Bd7 21. Na4 b6 22. Qd2 Rac8 23. Nxd4 exd4 24. Bg5 Bf6 25. Bxf6 Rxf6 26. Bf3 Ng7 27. fxg6 hxg6 28. Qg5 Re8 29. Qg3 Qe5 30. Qxe5 Rxe5 31. Nb2 c5 32. a4 a6 33. Bg2 Rxf1+ 34. Bxf1 Kf7 35. b4 Ke7 36. Be2 Kd6 37. Rg1 Be8 38. h4 b5 39. axb5 axb5 40. Nd1 cxb4 41. Nf2 Rc5 42. e5+ Kxe5 43. h5 Bc6+ 44. Kh2 Nxh5 45. Rg5+ Kd6 46. Rxg6+ Kc7 47. Bd1 Nf4 48. Rg7+ Kb6 49. Rf7 Nd5 50. Ne4 Rc1 51. Bb3 Ne3 52. Nd6 Rc3 53. Be6 b3 54. Nc8+ Kc5 55. Rc7 Kb4 56. Na7 Bd5 57. Nxb5 Rxc7 58. Nxc7 Bxe6 59. Nxe6 Nc2 0-1

[Event "La Pobla de Lillet op-A 30th"]
[Site "La Pobla de Lillet"]
[Date "2021.08.06"]
[Round "5"]
[White "Gomez Jurado, Luis Alberto"]
[Black "Garcia Escoda, Marc"]
[Result "1/2-1/2"]
[WhiteElo "2163"]
[BlackElo "2107"]
[PlyCount "101"]
[EventDate "2021.08.02"]
[EventType "swiss"]
[EventRounds "9"]
[EventCountry "ESP"]
[SourceTitle "EXT 2022"]
[Source "ChessBase"]
[SourceDate "2021.10.06"]
[SourceVersion "1"]
[SourceVersionDate "2021.10.06"]
[SourceQuality "1"]

1. c4 Nf6 2. g3 c5 3. Bg2 d5 4. cxd5 Nxd5 5. Nc3 Nc7 6. Nf3 Nc6 7. 0-0 e5 8. d3 Be7 9. Be3 0-0 10. Rc1 Bd7 11. a3 b6 12. Nd2 Rc8 13. Nc4 f6 14. f4 exf4 15. Bxf4 Ne6 16. Bd6 Ned4 17. e3 Nf5 18. Bxe7 Ncxe7 19. Be4 Be6 20. Qf3 Nd6 21. Nd5 Nxe4 22. Nxe7+ Qxe7 23. Qxe4 Rfe8 24. Rfe1 Qd7 25. Qf4 Rcd8 26. Rc3 Qd5 27. Qf2 Bc8 28. e4 Qd4 29. Ne3 Ba6 30. Rd1 Qa4 31. Qe1 Rd7 32. h4 Red8 33. b3 Qd4 34. Kh2 Qe5 35. Nc4 Bxc4 36. bxc4 Rd4 37. Qf1 Qd6 38. Qf3 Qd7 39. Rd2 Qe6 40. Rf2 R8d6 41. a4 Qe8 42. Ra3 Qd8 43. e5 Rxd3 44. Rxd3 Rxd3 45. Qf5 Rd2 46. Rxd2 Qxd2+ 47. Kh3 fxe5 48. Qc8+ Kf7 49. Qf5+ Kg8 50. Qc8+ Kf7 51. Qf5+ 1/2-1/2

[Event "Llinars del Valles op 1st"]
[Site "Llinars del Valles"]
[Date "2021.06.30"]
[Round "6"]
[White "Gomez Jurado, Luis Alberto"]
[Black "Las Heras Aixandri, Guillem"]
[Result "1/2-1/2"]
[WhiteElo "2185"]
[BlackElo "1844"]
[PlyCount "35"]
[EventDate "2021.06.25"]
[EventType "swiss"]
[EventRounds "9"]
[EventCountry "ESP"]
[SourceTitle "CBM 203 Extra"]
[Source "ChessBase"]
[SourceDate "2021.09.30"]
[SourceVersion "1"]
[SourceVersionDate "2021.09.30"]
[SourceQuality "1"]

1. Nf3 d5 2. c4 c6 3. g3 g6 4. Bg2 Bg7 5. cxd5 cxd5 6. d4 Nf6 7. 0-0 0-0 8. Nc3 Nc6 9. Ne5 Qb6 10. Nxc6 bxc6 11. Na4 Qb4 12. a3 Qb5 13. h3 Nd7 14. Re1 e5 15. dxe5 Nxe5 16. Nc3 Qb6 17. Na4 Qb5 18. Nc3 1/2-1/2

[Event "Catalunya-chT Final A+B"]
[Site "Barcelona"]
[Date "2020.03.07"]
[Round "8.7"]
[White "Bofill Mas, Alejandro"]
[Black "Gomez Jurado, Luis Alberto"]
[Result "1-0"]
[WhiteElo "2323"]
[BlackElo "2221"]
[PlyCount "71"]
[EventDate "2020.03.07"]
[EventType "team-tourn"]
[EventRounds "11"]
[EventCountry "ESP"]
[SourceTitle "EXT 2023"]
[Source "ChessBase"]
[SourceDate "2022.10.05"]
[SourceVersion "1"]
[SourceVersionDate "2022.10.05"]
[SourceQuality "1"]
[WhiteTeam "Colon Sabadell"]
[BlackTeam "Barcelona Escacs CC"]
[WhiteTeamCountry "ESP"]
[BlackTeamCountry "ESP"]

1. Nf3 d5 2. c4 c6 3. e3 g6 4. Nc3 Bg7 5. d4 Nf6 6. Qb3 0-0 7. Bd2 b6 8. Rc1 e6 9. Bd3 c5 10. dxc5 bxc5 11. 0-0 Nbd7 12. Rfd1 Rb8 13. Qa3 Bb7 14. Na4 e5 15. Bf1 e4 16. Ne1 Ng4 17. h3 Nxf2 18. Kxf2 Be5 19. Kg1 Qh4 20. Nxc5 Nxc5 21. Qxc5 Rfc8 22. Qxa7 d4 23. Nc2 Qg3 24. Nxd4 Qh2+ 25. Kf2 Qg3+ 26. Ke2 Ba8 27. Bc3 Qh4 28. Nb3 Bg3 29. Kd2 Bc6 30. Kc2 f6 31. c5 Rb7 32. Qa5 Be5 33. Rd8+ Rxd8 34. Qxd8+ Kg7 35. Bxe5 Qf2+ 36. Qd2 1-0

[Event "Catalunya-chT Gp2"]
[Site "Barcelona"]
[Date "2020.02.01"]
[Round "3.6"]
[White "Ryan, Joseph"]
[Black "Gomez Jurado, Luis Alberto"]
[Result "1/2-1/2"]
[WhiteElo "2293"]
[BlackElo "2221"]
[PlyCount "72"]
[EventDate "2020.01.18"]
[EventType "team-tourn"]
[EventRounds "7"]
[EventCountry "ESP"]
[SourceTitle "CBM 194 Extra"]
[Source "ChessBase"]
[SourceDate "2020.03.31"]
[SourceVersion "1"]
[SourceVersionDate "2020.03.31"]
[SourceQuality "1"]
[WhiteTeam "Valls"]
[BlackTeam "Barcelona Escacs CC"]
[WhiteTeamCountry "ESP"]
[BlackTeamCountry "ESP"]

1. e4 c6 2. Nf3 d5 3. d3 dxe4 4. dxe4 Qxd1+ 5. Kxd1 Nf6 6. Nbd2 Bg4 7. Be2 Nbd7 8. Ne1 e5 9. f3 Be6 10. Bc4 Bxc4 11. Nxc4 0-0-0 12. Ke2 Ne8 13. Nd3 f6 14. Be3 Nd6 15. Nxd6+ Bxd6 16. a4 c5 17. b3 Kc7 18. Nb2 Kc6 19. Nc4 Be7 20. Bd2 Nf8 21. c3 Ne6 22. g3 Rd7 23. Ne3 Rhd8 24. Nd5 Bf8 25. Be3 Nc7 26. c4 Ne6 27. Rab1 a5 28. Rbd1 Nd4+ 29. Bxd4 exd4 30. Kd3 Rf7 31. f4 g5 32. h4 gxf4 33. gxf4 Bh6 34. f5 Bf8 35. Rhg1 Bh6 36. Rg2 Rdf8 1/2-1/2

[Event "Barcelona Sants op 21st"]
[Site "Barcelona"]
[Date "2019.08.29"]
[Round "7"]
[White "Gomez Jurado, Luis Alberto"]
[Black "Cruz, Jonathan"]
[Result "0-1"]
[WhiteElo "2293"]
[BlackElo "2409"]
[PlyCount "56"]
[EventDate "2019.08.23"]
[EventType "swiss"]
[EventRounds "10"]
[EventCountry "ESP"]
[SourceTitle "EXT 2020"]
[Source "ChessBase"]
[SourceDate "2019.10.17"]
[SourceVersion "1"]
[SourceVersionDate "2019.10.17"]
[SourceQuality "1"]

1. Nf3 Nf6 2. c4 g6 3. b3 Bg7 4. Bb2 0-0 5. g3 d5 6. Bg2 c5 7. cxd5 Qxd5 8. Nc3 Qf5 9. Rc1 Na6 10. Na4 Rd8 11. 0-0 Qh5 12. Re1 Be6 13. Ne5 Bd5 14. f3 b6 15. e4 Bb7 16. a3 Nd7 17. Nxd7 Rxd7 18. Bxg7 Kxg7 19. Qc2 Rad8 20. Qc3+ e5 21. Rc2 Nc7 22. Bf1 Ba6 23. Bxa6 Nxa6 24. Re3 Nc7 25. b4 Nb5 26. Qb2 Nd4 27. Rcc3 Nxf3+ 28. Rxf3 Rxd2 0-1

[Event "Barcelona Sants op 21st"]
[Site "Barcelona"]
[Date "2019.08.27"]
[Round "5"]
[White "Gomez Jurado, Luis Alberto"]
[Black "Fernandez Garcia, Gumersindo"]
[Result "1/2-1/2"]
[WhiteElo "2293"]
[BlackElo "1993"]
[PlyCount "100"]
[EventDate "2019.08.23"]
[EventType "swiss"]
[EventRounds "10"]
[EventCountry "ESP"]
[SourceTitle "EXT 2020"]
[Source "ChessBase"]
[SourceDate "2019.10.17"]
[SourceVersion "1"]
[SourceVersionDate "2019.10.17"]
[SourceQuality "1"]

1. Nf3 d5 2. c4 c6 3. g3 Nf6 4. Bg2 e6 5. 0-0 Be7 6. b3 0-0 7. Bb2 a5 8. Nc3 d4 9. Na4 c5 10. e3 Nc6 11. exd4 cxd4 12. Re1 Bd7 13. a3 Rb8 14. c5 Re8 15. Rc1 Bf8 16. Nxd4 Nxd4 17. Bxd4 Bxa4 18. Bxf6 Qxf6 19. bxa4 Red8 20. Re4 Rd4 21. Qe2 Rc8 22. Rxd4 Qxd4 23. Qe3 Qxe3 24. fxe3 Rxc5 25. Rb1 Rc8 26. Bxb7 Rb8 27. Rb3 g6 28. Kf2 Bxa3 29. Rb5 Kf8 30. g4 h6 31. e4 f6 32. d4 Ke7 33. Ke3 Bd6 34. h4 Kd7 35. h5 gxh5 36. gxh5 Kc7 37. Ba6 Rxb5 38. Bxb5 Kd8 39. Bf1 Ke7 40. Bh3 Ba3 41. Kd3 Kd6 42. Kc4 e5 43. d5 Bb4 44. Be6 Be1 45. Kd3 Bb4 46. Ke2 Bc3 47. Kf3 Bd2 48. Kg4 Bc1 49. Kf5 Bd2 50. Kxf6 Bc1 1/2-1/2

[Event "La Pobla de Lillet op-A 29th"]
[Site "La Pobla de Lillet"]
[Date "2019.08.10"]
[Round "9"]
[White "Capellades Subirana, Marc"]
[Black "Gomez Jurado, Luis Alberto"]
[Result "0-1"]
[WhiteElo "2194"]
[BlackElo "2293"]
[PlyCount "70"]
[EventDate "2019.08.02"]
[EventType "swiss"]
[EventRounds "9"]
[EventCountry "ESP"]
[SourceTitle "EXT 2022"]
[Source "ChessBase"]
[SourceDate "2021.10.06"]
[SourceVersion "1"]
[SourceVersionDate "2021.10.06"]
[SourceQuality "1"]

1. e4 c6 2. d4 d5 3. Nc3 dxe4 4. Nxe4 Bf5 5. Ng3 Bg6 6. Nf3 Nd7 7. h4 h6 8. h5 Bh7 9. Bd3 Bxd3 10. Qxd3 e6 11. Bf4 Qa5+ 12. Bd2 Bb4 13. Ne4 Ngf6 14. Nd6+ Ke7 15. Nc4 Bxd2+ 16. Nfxd2 Qc7 17. 0-0-0 Rhc8 18. Rhe1 Kf8 19. Qf3 c5 20. dxc5 Nxc5 21. Nb3 Na4 22. Rd4 b5 23. Na3 a5 24. Re2 Rab8 25. g4 Nc5 26. Qe3 Ncd7 27. g5 hxg5 28. Qxg5 a4 29. Na1 Qc5 30. Qd2 Qxh5 31. f4 Kg8 32. Rh2 Qf3 33. Qe1 Ng4 34. Rh1 Nf2 35. Rf1 Nd3+ 0-1

[Event "Barcelona Sant Marti op 21st"]
[Site "Barcelona"]
[Date "2019.07.18"]
[Round "6"]
[White "Perez Mitjans, Orelvis"]
[Black "Gomez Jurado, Luis Alberto"]
[Result "1-0"]
[WhiteElo "2416"]
[BlackElo "2246"]
[PlyCount "67"]
[EventDate "2019.07.13"]
[EventType "swiss"]
[EventRounds "9"]
[EventCountry "ESP"]
[SourceTitle "EXT 2020"]
[Source "ChessBase"]
[SourceDate "2019.10.17"]
[SourceVersion "1"]
[SourceVersionDate "2019.10.17"]
[SourceQuality "1"]

1. e4 c5 2. Nf3 e6 3. d4 cxd4 4. Nxd4 Nc6 5. Nc3 Qc7 6. f4 a6 7. Nxc6 Qxc6 8. Bd3 b5 9. Qe2 Bb7 10. Bd2 Nf6 11. e5 b4 12. exf6 bxc3 13. Bxc3 gxf6 14. 0-0-0 Be7 15. Rhf1 Qxg2 16. Rf2 Qc6 17. f5 Rc8 18. fxe6 dxe6 19. Bxf6 Bxf6 20. Rxf6 Rc7 21. Qe5 Rg8 22. Bxh7 Rg2 23. Rf2 Rd7 24. Qh8+ Ke7 25. Qf6+ Kf8 26. Qh8+ Ke7 27. Rxf7+ Kxf7 28. Rf1+ Qf3 29. Rxf3+ Bxf3 30. b3 Rd1+ 31. Kb2 Rdd2 32. h4 Bd1 33. Qc3 e5 34. Qxe5 1-0

[Event "Barcelona Sant Marti op 21st"]
[Site "Barcelona"]
[Date "2019.07.15"]
[Round "3"]
[White "Gomez Jurado, Luis Alberto"]
[Black "Alcala Gonzalez, Cesar"]
[Result "1-0"]
[WhiteElo "2246"]
[BlackElo "2021"]
[PlyCount "77"]
[EventDate "2019.07.13"]
[EventType "swiss"]
[EventRounds "9"]
[EventCountry "ESP"]
[SourceTitle "EXT 2020"]
[Source "ChessBase"]
[SourceDate "2019.10.17"]
[SourceVersion "1"]
[SourceVersionDate "2019.10.17"]
[SourceQuality "1"]

1. c4 c6 2. Nf3 d5 3. b3 Nf6 4. Bb2 e6 5. g3 Nbd7 6. Bg2 Bd6 7. 0-0 0-0 8. d4 Qe7 9. Nbd2 b6 10. Ne5 Bb7 11. Nxd7 Qxd7 12. e4 dxe4 13. Nxe4 Be7 14. Qf3 Nxe4 15. Qxe4 Rab8 16. Rad1 Bf6 17. Qf4 Qe7 18. Qc1 c5 19. Bxb7 Rxb7 20. dxc5 Bxb2 21. Qxb2 Qxc5 22. Rd4 b5 23. Rfd1 bxc4 24. Qc3 Qa3 25. Rxc4 Rbb8 26. Ra4 Qe7 27. Qe3 Rb7 28. h4 h6 29. Ra6 Rc8 30. Rad6 Rbc7 31. Kg2 h5 32. Qd3 g6 33. Qd4 Kh7 34. a4 e5 35. Qe4 Kg7 36. R1d5 Rc5 37. Rd7 Qe6 38. R5d6 Qxb3 39. Qxg6+ 1-0

[Event "Barcelona Sant Marti op 21st"]
[Site "Barcelona"]
[Date "2019.07.14"]
[Round "2"]
[White "Sturt, Raven M"]
[Black "Gomez Jurado, Luis Alberto"]
[Result "1-0"]
[WhiteElo "2429"]
[BlackElo "2246"]
[PlyCount "117"]
[EventDate "2019.07.13"]
[EventType "swiss"]
[EventRounds "9"]
[EventCountry "ESP"]
[SourceTitle "EXT 2020"]
[Source "ChessBase"]
[SourceDate "2019.10.17"]
[SourceVersion "1"]
[SourceVersionDate "2019.10.17"]
[SourceQuality "1"]

1. e4 c6 2. d4 d5 3. e5 Bf5 4. Nf3 e6 5. Be2 h6 6. 0-0 Ne7 7. Nbd2 Bh7 8. a4 Ng6 9. Nb3 Be7 10. a5 Nd7 11. Be3 0-0 12. c4 f6 13. a6 b6 14. cxd5 cxd5 15. exf6 Nxf6 16. Ne5 Rc8 17. Bd3 Nxe5 18. dxe5 Bxd3 19. Qxd3 Nd7 20. Qg6 Nxe5 21. Qxe6+ Nf7 22. Rfd1 Bd6 23. Rxd5 Re8 24. Qf5 Qh4 25. g3 Qb4 26. Rb5 Qe4 27. Rd1 Qa4 28. Ra1 Qe4 29. Qxe4 Rxe4 30. Nd2 Rb4 31. Rxb4 Bxb4 32. Ne4 Ne5 33. Rd1 Rc4 34. Rd8+ Kh7 35. Nd6 Bxd6 36. Rxd6 Ra4 37. Re6 Ng4 38. Bd2 Nf6 39. Re7 Rxa6 40. Bc3 Kg6 41. f3 h5 42. Kf2 Ra2 43. Rb7 Ra1 44. h4 Ra4 45. Kg2 Kh6 46. Kh3 Kg6 47. g4 hxg4+ 48. fxg4 Re4 49. h5+ Kh6 50. g5+ Kxg5 51. Rxg7+ Kf5 52. h6 Re3+ 53. Kg2 Nh5 54. Rf7+ Kg6 55. h7 Re8 56. Re7 Nf4+ 57. Kf3 Rxe7 58. h8Q Nd5 59. Qg8+ 1-0

[Event "Barcelona Electrica Baleares op 2nd"]
[Site "Barcelona"]
[Date "2019.04.05"]
[Round "4"]
[White "Capellades Subirana, Marc"]
[Black "Gomez Jurado, Luis Alberto"]
[Result "1-0"]
[WhiteElo "2155"]
[BlackElo "2201"]
[PlyCount "127"]
[EventDate "2019.03.15"]
[EventType "swiss"]
[EventRounds "9"]
[EventCountry "ESP"]
[SourceTitle "CBM 190 Extra"]
[Source "ChessBase"]
[SourceDate "2019.07.15"]
[SourceVersion "1"]
[SourceVersionDate "2019.07.15"]
[SourceQuality "1"]

1. e4 c6 2. d4 d5 3. Nc3 dxe4 4. Nxe4 Nd7 5. Ng5 Ndf6 6. Bc4 e6 7. N1f3 Nh6 8. 0-0 Bd6 9. Qe2 0-0 10. Ne5 Qc7 11. Bd3 c5 12. Ne4 Bxe5 13. dxe5 Qxe5 14. f4 Qf5 15. Ng5 Qd5 16. Rd1 Nf5 17. c3 Qc6 18. Nf3 c4 19. Bxc4 Qc5+ 20. Nd4 Bd7 21. Kh1 Ng4 22. Qxg4 Qxc4 23. Nxf5 exf5 24. Qg3 Rfe8 25. Be3 Bc6 26. Bd4 f6 27. Bxf6 Qf7 28. Be5 Re6 29. Rd2 Rg6 30. Qd3 Re8 31. h3 h6 32. Re1 Be4 33. Qb5 Rge6 34. Re3 g5 35. Rg3 Bc6 36. Qb3 Be4 37. Bd4 Bc6 38. Rf2 Re2 39. fxg5 Qxb3 40. gxh6+ Kh7 41. axb3 Rxf2 42. Bxf2 Re2 43. Be3 f4 44. Bxf4 Rxb2 45. Rg7+ Kh8 46. Be5 Re2 47. Bd4 Be4 48. h7 Rd2 49. Rd7+ Rxd4 50. Rxd4 Bc6 51. Rh4 a5 52. Kg1 b5 53. Rh6 Bd5 54. Ra6 Bxb3 55. Rxa5 Bc4 56. Ra7 Be6 57. Kf2 Bd5 58. g4 Be6 59. Kg3 Bd5 60. Kf4 Bg2 61. Kg5 Bxh3 62. Kh6 Bg2 63. Rd7 b4 64. Rd8# 1-0

[Event "Barcelona Electrica Baleares op 2nd"]
[Site "Barcelona"]
[Date "2019.03.29"]
[Round "3"]
[White "Gonzalez Saguillo, Oriol"]
[Black "Gomez Jurado, Luis Alberto"]
[Result "0-1"]
[WhiteElo "2159"]
[BlackElo "2201"]
[PlyCount "56"]
[EventDate "2019.03.15"]
[EventType "swiss"]
[EventRounds "9"]
[EventCountry "ESP"]
[SourceTitle "CBM 190 Extra"]
[Source "ChessBase"]
[SourceDate "2019.07.15"]
[SourceVersion "1"]
[SourceVersionDate "2019.07.15"]
[SourceQuality "1"]

1. e4 c6 2. Nc3 d5 3. Nf3 dxe4 4. Nxe4 Nf6 5. Nxf6+ exf6 6. d4 Bd6 7. Bd3 0-0 8. 0-0 Re8 9. h3 Nd7 10. Re1 Rxe1+ 11. Qxe1 Nf8 12. Be3 Bc7 13. Qd2 Qd6 14. c4 Be6 15. Rd1 Rd8 16. b4 b5 17. cxb5 Bd5 18. bxc6 Bxf3 19. gxf3 Qh2+ 20. Kf1 Qxh3+ 21. Ke2 f5 22. Bb5 Re8 23. f4 Ne6 24. Kd3 Nxf4+ 25. Kc4 Ng2 26. d5 Rxe3 27. d6 Re4+ 28. Kd5 Qh2 0-1